Taking things apart and putting things together

Gespeichert in:
Bibliographische Detailangaben
1. Verfasser: Woodburn, John H.
Format: Buch
Sprache:Englisch
Veröffentlicht: Washington American Chemical Society 1976
Ausgabe:1. ed.
Schlagworte:
Online-Zugang:Im OPAC anzeigen
Tags: Tag hinzufügen
Keine Tags, Fügen Sie das erste Tag hinzu!

MARC

LEADER 00000nam a2200000 a 4500
005 20260127134005.0
008 050526 1976 xxu 000 0 eng d
020 |a 0841203148 
035 |a vtls008156501 
039 9 |y 200505261334  |z mschk03 
040 |a STUSCHK1  |b slo  |c STUSCHK1  |e AACR2 
080 |a 802.0 
100 1 |a Woodburn, John H. 
245 1 |a Taking things apart and putting things together 
250 |a 1. ed. 
260 |a Washington  |b American Chemical Society  |c 1976 
300 |a 119 p. 
650 0 |a Chemistry  |x Popular works 
910 |a SCHK95 
919 |a 0-8412-0314-8 
999 |c 1630  |d 1630